Statistics for Planets by their moons

Click here to take the quiz!

General Stats

  • This quiz has been taken 27 times
  • The average score is 8 of 9

Answer Stats

QuestionAnswer% Correct
Earthluna
100%
Erisdysnomia
95%
Jupitereuropa, ganymede, io callisto
95%
Haumeanamaka, hi'iaka
90%
Marsphobos, deimos
90%
Saturntitan, enceladus, mimas, dione
90%
Neptunetriton, thalassa, proteus, nereid
90%
Uranusumbriel, titania, oberon, miranda, ariel
90%
Plutocharon
86%

Score Distribution

Percentile by Number Answered

Percent of People with Each Score

Your Score History

You have not taken this quiz